000 01809nam a2200457Ii 4500
001 DIGHERDER0256
003 NyNyDIG
007 cr |||||||||||
008 220422s2016 sp o 000 0 spa d
006 m o d
035 _a(OCoLC)1335134721
040 _aDGITA
_beng
_erda
_epn
_cDGITA
020 _a9788425436345
_qeBook
_qePub
020 _z9788425436352
041 1 _aspa
_hger
050 1 4 _aBV250 ebook
100 1 _aRahner, Karl,
_d1904-1984,
_eauthor.
240 1 0 _aGebet der not.
_lSpanish
_s(Bernet)
245 1 0 _aAcudir a Dios en la angustia :
_bel sentido de la oración de petición /
_cKarl Rahner ; con una introducción del cardenal Karl Lehmann ; traducción de Roberto H. Bernet.
250 _a1a. edición digital.
264 1 _aBarcelona :
_bHerder,
_c2016.
300 _a1 online resource.
336 _atext
_btxt
_2rdacontent
337 _acomputer
_bc
_2rdamedia
338 _aonline resource
_bcr
_2rdacarrier
347 _atext file
_2rdaft
347 _bEPUB
588 0 _aOnline resource; title from ePub title page (Digitalia, viewed April 22, 2022)
650 0 _aPrayers.
650 0 _aSpiritual life
_xChristianity.
655 0 _aElectronic books.
700 1 _aLehmann, Karl,
_d1936-2018
_econtributor agent of text.
700 1 _aBernet, Roberto,
_etranslator.
700 1 _iTranslation of:
_aRahner, Karl,
_d1904-1984.
_tGebet der not.
791 2 _aDigitalia (Firm),
_edistributor.
793 0 _gDigitalia eBook Collection:
_aHerder Editorial
776 0 8 _iPrint version:
_aRahner, Karl, 1904-1984.
_sGebet der not. Spanish (Bernet).
_tAcudir a Dios en la angustia.
_dBarcelona : Herder, 2016
_z9788425436352
856 4 0 _3Digitalia Hispánica
_uhttps://www.digitaliapublishing.com/a/61274/
910 _aPremium collection: 2022
942 _cRAA
999 _c257540
_d257540